00552cam a2200193 a 450000100100000000500170001000800410002702000150006804000250008308200240010810000320013224500460016425000110021026000330022130000210025444000350027565000220031065000260033200000151920200929145615.0760130s1969 sp 000 0 spa  a8423308022 aDO-SdBNPbspacBNPHU a863.42bF363b, 19691 aFernández Santos, Jesús14aLos bravos /cJesús Fernández Santos. a3a ed. aBarcelona :bDestino,c1969. a236 p. ;c19 cm. 0aÁncora y delfín ;vno. 174 4aNovela española 4aLiteratura española